Statistics for Geography of the Western Mediterranean

Click here to take the quiz!

General Stats

  • This quiz has been taken 74 times
  • The average score is 34 of 50

Answer Stats

HintAnswer% Correct
Spain
100%
| 246km²Malta
98%
Italy
98%
Algeria
96%
Monaco
96%
France
96%
25,384km²Sicily
94%
Libya
94%
2,866,793Rome
92%
Morocco
92%
Tunisia
92%
208 kmPortugal
88%
24,100km²Sardinia
87%
8,681km²Corsica
87%
1,620,943Barcelona
87%
156 kmSwitzerland
81%
103 kmAndorra
81%
654,858Palermo
81%
286 kmAustria
79%
22 kmVatican City
79%
850,726Marseille
79%
168 kmSan Marino
77%
959,974Naples
75%
3,415,811Algiers
75%
3,640km²Majorca
75%
306 kmGreece
73%
577km²Ibiza
73%
694km²Menorca
71%
Last eruption: 2017Etna
69%
300 kmCroatia
69%
Last eruption: 1944Vesuvius
67%
306 kmAlbania
63%
809,267Valencia
58%
1,126,000Tripoli
58%
406 kmTiber
56%
154,460Cagliari
54%
297 kmLiechtenstein
52%
813 kmRhône
50%
401,270Palma
50%
315,601Catania
35%
910 kmEbro
33%
523km²Djerba
25%
759,645Oran
25%
Constantly activeStromboli
23%
237,603Messina
23%
793,776Tangier
21%
700 kmChelif
2%
520 kmMoulouya
2%

Score Distribution

Percentile by Number Answered

Percent of People with Each Score

Your Score History

You have not taken this quiz